[Event "Preferente"]
[Site ""]
[Date "????.??.??"]
[Round "4.4"]
[White "CARRUEZ Santiago"]
[Black "ROQUE José Luis"]
[Result "0-1"]
[WhiteElo "2082"]
[BlackElo "1988"]

1.e4 e6 2.d4 d5 3.Nc3 Nf6 4.e5 Nfd7 5.f4 c5 6.Nf3 Nc6 7.Be3 cxd4 8.Nxd4 Bc5 9.
Qd2 a6 10.O-O-O Qc7 11.Kb1 Nxd4 12.Bxd4 b5 13.Bxc5 Qxc5 14.Bd3 Nb6 15.a3 Bd7
16.g4 a5 17.Na2 O-O 18.f5 f6 19.exf6 Rxf6 20.g5 Rff8 21.f6 Nc4 22.Qf4 e5 23.
Qh4 g6 24.Qh6 Rf7 25.Bxg6 hxg6 26.Qxg6+ Kf8 27.Qh6+ Ke8 28.Rhe1 Bf5 29.Nc3 d4
30.Qh8+ Qf8 31.Qxf8+ Kxf8 32.Nxb5 Rh7 33.b3 Ne3 34.Rd2 a4 35.Nd6 Bg6 36.Kb2
Rb8 37.Rf2 axb3 38.cxb3 Rd7 0-1

[Event "Preferente"]
[Site ""]
[Date "????.??.??"]
[Round "4.5"]
[White "SANCHO Jesús"]
[Black "PALOMAR Santiago"]
[Result "0-1"]
[WhiteElo "1978"]
[BlackElo "1957"]

1.e4 e5 2.Nf3 Nc6 3.Nc3 Nf6 4.d4 Bb4 5.d5 Ne7 6.Nxe5 d6 7.Bb5+ c6 8.dxc6 O-O
9.cxb7 Bxb7 10.Nf3 Nxe4 11.Qd3 Rc8 12.O-O Bxc3 13.bxc3 Nxc3 14.Ng5 Ng6 15.Bc4
d5 16.Bb3 Re8 17.Be3 h6 18.Nf3 d4 19.Bxh6 Be4 20.Qd2 Bxf3 21.Bg5 Ne4 22.Qd3
Qxg5 23.Qxf3 Rc7 24.Rae1 Nh4 25.Qh3 Rce7 26.f4 Qf6 27.g4 d3 28.Qxd3 Qb6+ 29.
Qe3 Nc5 0-1

[Event "Preferente"]
[Site ""]
[Date "????.??.??"]
[Round "4.6"]
[White "ARJOL Daniel"]
[Black "BROSA Jesús"]
[Result "1/2-1/2"]
[WhiteElo "1878"]
[BlackElo "1977"]

1.c4 Nf6 2.Nc3 g6 3.d4 Bg7 4.e4 d6 5.Nf3 O-O 6.h3 c6 7.Be3 Qc7 8.Be2 Nbd7 9.
O-O Re8 10.Rc1 a6 11.b4 e5 12.dxe5 dxe5 13.a4 Bf8 14.Qb3 Be7 15.c5 Nf8 16.Ng5
Ne6 17.Bc4 Nxg5 18.Bxg5 Bd8 19.f4 Be6 20.Bxe6 fxe6 21.f5 Qf7 22.fxg6 Qxg6 23.
Bxf6 Bxf6 24.Rcd1 Re7 25.Rf3 Bh4 26.Rd6 Rae8 27.b5 axb5 28.axb5 cxb5 29.Qxb5
Rg7 30.Qf1 Be7 31.Nd5 Bxd6 32.Nf6+ Kh8 33.cxd6 Rf8 34.Nh5 Rgf7 35.d7 Rxf3 36.
Qxf3 Rd8 37.g4 Qg5 38.Qf7 Qc1+ 39.Kg2 Qd2+ 40.Kg3 Qxd7 41.Qf6+ Kg8 42.Qg5+ Kf8
43.Qf6+ Kg8 1/2-1/2

[Event "Preferente"]
[Site ""]
[Date "????.??.??"]
[Round "4.7"]
[White "ROMÓN Raúl"]
[Black "MARTÍN Roberto"]
[Result "1-0"]
[WhiteElo "2362"]
[BlackElo "1967"]

1.d4 Nf6 2.c4 g6 3.Nc3 Bg7 4.e4 d6 5.f4 O-O 6.Nf3 c5 7.d5 Na6 8.Bd3 Nc7 9.O-O
Rb8 10.e5 Nfe8 11.Qe2 a6 12.Ng5 b5 13.b3 bxc4 14.bxc4 e6 15.dxe6 Nxe6 16.Nxe6
fxe6 17.Rd1 dxe5 18.Bxg6 Qf6 19.Bxe8 Rxe8 20.Ne4 Qg6 21.Rd3 exf4 22.Bxf4 Rb2
23.Bd2 Bb7 24.Nxc5 Qf5 25.Nxb7 Rxb7 26.Rg3 Kh8 27.Rf1 Rb1 28.Rf3 Qc2 29.Rxb1
Qxb1+ 30.Qe1 Bd4+ 31.Kh1 Qxe1+ 32.Bxe1 Rc8 33.h4 Rxc4 34.Kh2 Rc2 35.Ra3 Rc6
36.Kg3 Kg7 37.Kf4 Kg6 38.Ke4 Bf6 39.g4 h5 40.gxh5+ Kxh5 41.Ra5+ Kg6 42.h5+ Kg7
43.Bd2 Rd6 44.Be3 Bd8 45.Rc5 Bb6 46.Rg5+ Kf6 47.Rg6+ Kf7 48.Bg5 Bd8 49.Bf4 Rd5
50.Be5 Rd1 51.Rg7+ Kf8 52.h6 Ba5 53.h7 Re1+ 54.Kf3 1-0

[Event "Preferente"]
[Site ""]
[Date "????.??.??"]
[Round "4.8"]
[White "MOMBIELA José Luis"]
[Black "ROCHE Manuel Ángel"]
[Result "0-1"]
[WhiteElo "1976"]
[BlackElo "2134"]

1.c4 e5 2.g3 Nc6 3.Bg2 Bc5 4.Nc3 d6 5.e3 a6 6.Nge2 h5 7.b3 h4 8.h3 hxg3 9.fxg3
Bf5 10.d4 Ba7 11.Bb2 Nb4 12.Ne4 Nf6 13.N2c3 exd4 14.exd4 Bxd4 15.Qe2 O-O 16.
O-O-O Nxe4 17.Rxd4 Qg5+ 18.Kd1 Nxg3 19.Qf3 Bc2+ 20.Ke1 Rae8+ 21.Kf2 Nxh1+ 22.
Bxh1 Qe5 23.Rg4 Nd3+ 0-1

[Event "Preferente"]
[Site ""]
[Date "????.??.??"]
[Round "4.9"]
[White "ECHARTE Óscar"]
[Black "ANTOÑANO Avelino"]
[Result "1-0"]
[WhiteElo "2131"]
[BlackElo "1970"]

1.c4 f5 2.g3 Nf6 3.Bg2 e6 4.Nf3 d5 5.b3 Bd6 6.Bb2 O-O 7.O-O c5 8.cxd5 exd5 9.
d4 b6 10.dxc5 Bxc5 11.Nd4 Kh8 12.Nc3 Ne4 13.Rc1 Rf7 14.b4 Bxb4 15.Nxd5 Bc5 16.
Ne3 Qe8 17.Rxc5 bxc5 18.Ndxf5 Bb7 19.Bxe4 1-0

[Event "Preferente"]
[Site ""]
[Date "????.??.??"]
[Round "4.10"]
[White "MARTÍNEZ Juan Miguel"]
[Black "DAN Teodor"]
[Result "0-1"]
[WhiteElo "2080"]
[BlackElo "1945"]

1.c4 d6 2.g3 Nf6 3.Bg2 g6 4.Nc3 Bg7 5.d3 O-O 6.Bg5 h6 7.Bd2 Nc6 8.Rb1 a5 9.a3
Bd7 10.b4 axb4 11.axb4 Qc8 12.b5 Nb8 13.Ra1 Rxa1 14.Qxa1 c6 15.Qa7 d5 16.Nf3
dxc4 17.dxc4 Be6 18.O-O Bxc4 19.Rc1 cxb5 20.Nxb5 Nc6 21.Qc5 Bxe2 22.Nbd4 Ne4
23.Nxc6 bxc6 24.Qe3 Bxf3 25.Bxf3 Nxd2 26.Qxd2 c5 27.Qe3 Bd4 28.Qxh6 Qf5 29.Kg2
Rb8 30.Rd1 Rb3 31.Qf4 Qxf4 32.gxf4 Rb2 33.Bd5 e6 34.Bc4 Rxf2+ 35.Kg3 Rc2 36.
Bb5 Rc3+ 37.Kg2 Rc2+ 38.Kg3 Bf2+ 39.Kf3 Bh4 40.Rd7 Kf8 41.Rc7 Be7 42.Be2 Rc3+
43.Kg2 Bd6 44.Rc8+ Kg7 45.f5 exf5 0-1

[Event "Preferente"]
[Site ""]
[Date "????.??.??"]
[Round "4.11"]
[White "GINÉS Pedro"]
[Black "SARTO Ángel"]
[Result "1-0"]
[WhiteElo "2040"]
[BlackElo "1942"]

1.d4 g6 2.e4 c6 3.c4 d6 4.Nc3 Bg7 5.Be3 Nf6 6.f3 O-O 7.Qd2 Re8 8.O-O-O a5 9.g4
h5 10.gxh5 Nxh5 11.Nge2 b5 12.Ng3 b4 13.Nce2 Nf6 14.h4 Ba6 15.b3 Nbd7 16.h5
gxh5 17.Bh6 Nh7 18.Bxg7 Kxg7 19.Nf5+ Kh8 20.Qh6 Rg8 21.Qxh7+ Kxh7 22.Rxh5+ Kg6
23.Rh6+ Kg5 24.f4+ Kg4 25.Rh4+ Kf3 26.Rd3+ Kf2 27.Rh2+ Rg2 28.Bxg2 Qh8 29.Bh3+
1-0

[Event "Preferente"]
[Site ""]
[Date "????.??.??"]
[Round "4.12"]
[White "CIRERA Alberto"]
[Black "LÓPEZ Fernando"]
[Result "1/2-1/2"]
[WhiteElo "1817"]
[BlackElo "2020"]

1.e4 e5 2.Nf3 d6 3.Bc4 Be7 4.O-O Nf6 5.Nc3 O-O 6.d4 Nbd7 7.h3 c6 8.a4 Nxe4 9.
Nxe4 d5 10.Nxe5 Nxe5 11.dxe5 dxc4 12.Qe2 b5 13.Nc3 b4 14.Ne4 a5 15.Rd1 Qc7 16.
Bf4 Be6 17.Nd2 c3 18.bxc3 bxc3 19.Ne4 Bb4 20.Rd3 f6 21.Nd6 Bd5 22.Nb5 Qf7 23.
Rxd5 cxd5 24.e6 Qe7 25.Rd1 Rad8 26.Nd4 Rd6 27.Bxd6 Qxd6 28.Nf5 Qe5 29.Qg4 g6
30.Nd4 Re8 31.Nf3 1/2-1/2

[Event "Preferente"]
[Site ""]
[Date "????.??.??"]
[Round "4.13"]
[White "LACRUZ Álvaro"]
[Black "JIMÉNEZ Alejandro"]
[Result "1/2-1/2"]
[WhiteElo "1959"]
[BlackElo "2015"]

1.e4 c6 2.d4 d5 3.Nd2 dxe4 4.Nxe4 Bf5 5.Ng3 Bg6 6.N1e2 e6 7.Nf4 Bd6 8.h4 Bxf4
9.Bxf4 h6 10.h5 Bh7 11.c3 Nf6 12.Bd3 Bxd3 13.Qxd3 Qd5 14.c4 Qa5+ 15.Bd2 Qc7
16.Bb4 Nbd7 17.Ne4 Nxe4 18.Qxe4 Nf6 19.Qf3 O-O-O 20.Bc3 c5 21.dxc5 Qxc5 22.
Bxf6 gxf6 23.O-O f5 24.b4 Qe7 25.c5 Rd5 26.Rad1 Rhd8 27.Rxd5 Rxd5 28.Rd1 Rxd1+
29.Qxd1 Qd7 30.Qc1 f4 31.Qxf4 Qd1+ 32.Kh2 Qxh5+ 33.Kg1 Qd1+ 34.Kh2 Qh5+
1/2-1/2

[Event "Preferente"]
[Site ""]
[Date "????.??.??"]
[Round "4.14"]
[White "CIRIANO Alejandro"]
[Black "GASPAR Luis Alberto"]
[Result "1-0"]
[WhiteElo "1990"]
[BlackElo "1944"]

1.d4 e6 2.c4 Nf6 3.Nc3 Bb4 4.e3 b6 5.Ne2 Bb7 6.a3 Be7 7.f3 d5 8.Ng3 c5 9.cxd5
cxd4 10.Bb5+ Nbd7 11.dxe6 fxe6 12.exd4 O-O 13.Qe2 Bd5 14.Nxd5 exd5 15.O-O Bd6
16.Qe6+ 1-0

[Event "Preferente"]
[Site ""]
[Date "????.??.??"]
[Round "4.15"]
[White "ROMERO Daniel"]
[Black "DE LA RIVA Eduardo"]
[Result "1-0"]
[WhiteElo "2052"]
[BlackElo "1933"]

1.e4 e6 2.Qe2 c5 3.Nf3 Nc6 4.g3 g6 5.Bg2 Bg7 6.c3 Nge7 7.O-O O-O 8.d3 Re8 9.
Nbd2 Qc7 10.Re1 d6 11.Nf1 Bd7 12.h4 h5 13.N3h2 f6 14.f4 f5 15.Nf3 d5 16.e5 b5
17.Be3 Nd8 18.Ng5 Nb7 19.Bf3 Nd8 20.b4 c4 21.dxc4 Qxc4 22.Qd2 Nc8 23.Bc5 Nf7
24.Ne3 Nxg5 25.hxg5 1-0

[Event "Preferente"]
[Site ""]
[Date "????.??.??"]
[Round "4.16"]
[White "TORCAL Óscar"]
[Black "SÁNCHEZ Roberto"]
[Result "0-1"]
[WhiteElo "1969"]
[BlackElo "2030"]

1.e4 d6 2.d4 Nf6 3.Nc3 g6 4.f4 c6 5.Nf3 Bg7 6.Bd3 Nbd7 7.O-O e5 8.Kh1 O-O 9.
Bc4 b5 10.Bd3 a6 11.a4 b4 12.Ne2 a5 13.Be3 Qe7 14.Qd2 Bb7 15.Ng3 exd4 16.Nxd4
Ng4 17.Be2 Nxe3 18.Qxe3 f5 19.Qb3+ Kh8 20.Ne6 fxe4 21.Nxe4 Rfe8 22.Nxg7 Kxg7
23.Bg4 Qxe4 24.Bxd7 Re7 25.Bg4 Qe3 26.Qxe3 Rxe3 27.Rad1 d5 28.f5 Rf8 29.fxg6
Rxf1+ 30.Rxf1 hxg6 31.h3 c5 {Tiempo} 0-1

[Event "Preferente"]
[Site ""]
[Date "????.??.??"]
[Round "4.17"]
[White "URRIOLABEITIA Ander"]
[Black "GUTIÉRREZ José Antonio"]
[Result "0-1"]
[WhiteElo "1695"]
[BlackElo "1983"]

1.e4 Nf6 2.Nc3 d5 3.exd5 Nxd5 4.Bc4 c6 5.Nf3 Bg4 6.Qe2 Bxf3 7.Qxf3 e6 8.O-O
Bd6 9.Re1 O-O 10.d4 Qh4 11.h3 Qxd4 12.Bxd5 exd5 13.Bg5 Nd7 14.Be7 Bxe7 15.Rxe7
Nc5 16.Rae1 Qb4 17.b3 Ne4 18.Re3 Qxe7 0-1

[Event "Preferente"]
[Site ""]
[Date "????.??.??"]
[Round "4.18"]
[White "ROQUE Gisela"]
[Black "SOLERA Roberto"]
[Result "0-1"]
[WhiteElo "1901"]
[BlackElo "1919"]

1.c4 Nf6 2.Nc3 c6 3.Nf3 d5 4.d4 e6 5.g3 Nbd7 6.Bg2 g6 7.O-O Bg7 8.Nd2 O-O 9.e4
dxe4 10.Ndxe4 Nxe4 11.Nxe4 Nb6 12.c5 Nd5 13.Nd6 b6 14.Qd3 bxc5 15.dxc5 Qa5 16.
Bxd5 exd5 17.Qc2 Bh3 18.Bd2 Qd8 19.Rfc1 Qf6 20.Qd3 Qxb2 21.Rab1 Qd4 22.Qxd4
Bxd4 23.Rb7 Rab8 24.Rxa7 Ra8 25.Rc7 Rxa2 26.Be3 Bxe3 27.fxe3 Re2 28.Rxc6 Ra8
29.g4 Rg2+ 30.Kh1 Raa2 31.Rc8+ Kg7 0-1

[Event "Preferente"]
[Site ""]
[Date "????.??.??"]
[Round "4.19"]
[White "MONTES Diego"]
[Black "ÁLVAREZ Miguel Ángel"]
[Result "1-0"]
[WhiteElo "1819"]
[BlackElo "1907"]

1.e4 c5 2.Nf3 Nc6 3.b3 d6 4.Bb5 Bd7 5.O-O a6 6.Bxc6 Bxc6 7.d3 Nf6 8.Bb2 g6 9.
c4 Bg7 10.Nfd2 O-O 11.f4 e6 12.Nc3 Nd7 13.Qc2 b5 14.Rae1 Bd4+ 15.Kh1 Qf6 16.
Nd1 Bxb2 17.Qxb2 Qxb2 18.Nxb2 a5 19.cxb5 Bxb5 20.Ndc4 Ra6 21.a4 Bxc4 22.Nxc4
Rb8 23.Rb1 Rb4 24.Na3 Nb6 25.Rfc1 Nd7 26.g3 f5 27.Rc4 d5 28.exd5 exd5 29.Rc2
Re6 30.Kg2 Re3 31.Rd2 Rb8 32.Kf2 Rbe8 33.Nb5 d4 34.Nd6 Rb8 35.Nc4 Re6 36.Nxa5
Ra6 37.Nc4 Rxa4 38.bxa4 Rxb1 39.Rb2 Ra1 40.a5 Kf8 41.Rb7 Ra2+ 42.Kf3 Nf6 43.h3
Nd5 44.Rb5 Nb4 45.Ne5 Rd2 46.Rxc5 Nxd3 47.Rc8+ Kg7 48.Rc7+ Kf6 49.Rc6+ Kg7 50.
Nxd3 Rxd3+ 51.Kf2 Ra3 52.a6 Ra2+ 53.Ke1 d3 54.Rc7+ Kh6 55.a7 Re2+ 56.Kd1 Ra2
57.h4 Kh5 58.Rxh7+ Kg4 59.Rg7 Kxg3 60.h5 Kxf4 61.h6 Ke3 62.Re7+ Kd4 63.h7 Ra1+
64.Kd2 Ra2+ 65.Ke1 1-0

[Event "Preferente"]
[Site ""]
[Date "????.??.??"]
[Round "4.20"]
[White "TORCAL Alfonso"]
[Black "SERRAT David"]
[Result "1-0"]
[WhiteElo "1728"]
[BlackElo "1820"]

1.Nf3 Nf6 2.g3 c5 3.Bg2 Nc6 4.O-O d5 5.d3 e6 6.Nbd2 Be7 7.Re1 O-O 8.c3 e5 9.e4
dxe4 10.Nxe4 Nxe4 11.dxe4 Qb6 12.Qe2 Be6 13.Be3 Qc7 14.Ng5 Bxg5 15.Bxg5 f6 16.
Be3 b6 17.b3 Rfd8 18.Red1 Rxd1+ 19.Rxd1 Rd8 20.Rxd8+ Qxd8 21.Qd2 Qxd2 22.Bxd2
a5 23.Bf1 a4 24.Bb5 axb3 25.axb3 Na7 26.Ba6 Bxb3 27.f4 Bc2 28.fxe5 fxe5 29.Bb7
Nb5 30.c4 Nd6 31.Bd5+ Kf8 32.Bc3 Bxe4 33.Bxe5 Bxd5 34.Bxd6+ Ke8 35.cxd5 Kd7
36.Be5 g6 37.Kf2 b5 38.Ke3 Ke7 39.Ke4 Kd7 40.d6 Ke6 41.d7 Kxd7 42.Kd5 c4 43.
Kc5 Ke6 44.Bc3 Kf5 45.Kxb5 Kg4 46.Kxc4 Kh3 47.Kd4 h5 48.Ke4 Kxh2 49.Kf3 g5 50.
Be5 Kh3 51.Bf6 h4 52.g4 1-0

[Event "Preferente"]
[Site ""]
[Date "????.??.??"]
[Round "5.1"]
[White "FABRE José María"]
[Black "MUÑOZ Luis Alberto"]
[Result "1-0"]
[WhiteElo "2027"]
[BlackElo "1951"]

1.e4 e6 2.d4 d5 3.Nd2 c5 4.exd5 exd5 5.Bb5+ Bd7 6.Qe2+ Be7 7.Ngf3 Nf6 8.Bxd7+
Nbxd7 9.dxc5 O-O 10.O-O Re8 11.Nb3 Bxc5 12.Qd3 Bb6 13.Bg5 h6 14.Bh4 Re4 15.
Nbd2 g5 16.Bg3 Nc5 17.Qc3 Re2 18.Nd4 Nce4 19.Nxe4 Rxe4 20.Nf5 Rc8 21.Qd3 Qd7
22.Nd6 Rd4 23.Qf3 Ne4 24.Nxc8 Qxc8 25.c3 Rd2 26.Rad1 Qc4 27.b3 Qc6 28.c4 dxc4
29.Rxd2 Nxd2 30.Qxc6 bxc6 31.Rc1 cxb3 32.axb3 Nxb3 33.Rxc6 Nd4 34.Rxh6 Ne2+
35.Kf1 Nxg3+ 36.hxg3 Kf8 37.Ke2 Ke7 38.f4 g4 39.f5 Bc5 40.Kd3 Bd6 41.Rh4 Bxg3
42.Rxg4 Bd6 43.Ra4 Bc5 44.Ke4 Bb6 45.Rc4 Kd6 46.g4 f6 47.Rc8 Kd7 48.Ra8 Bg1
49.Kd5 Bb6 50.g5 fxg5 51.f6 1-0

[Event "Preferente"]
[Site ""]
[Date "????.??.??"]
[Round "5.2"]
[White "BAQUEDANO Pablo"]
[Black "ROQUE José Luis"]
[Result "1-0"]
[WhiteElo "1911"]
[BlackElo "1988"]

1.d4 e6 2.c4 Nf6 3.Nc3 Bb4 4.e3 b6 5.Ne2 c5 6.a3 Ba5 7.Rb1 Na6 8.Bd2 O-O 9.d5
d6 10.Ng3 Re8 11.Be2 exd5 12.cxd5 Bxc3 13.Bxc3 Nc7 14.Bf3 Bb7 15.Bxf6 Qxf6 16.
O-O a5 17.a4 Ba6 18.Be2 Bxe2 19.Nxe2 b5 20.Qd2 Reb8 21.Ra1 bxa4 22.Nc3 Rb4 23.
Rxa4 Rab8 24.Rb1 Nb5 25.Rxb4 axb4 26.Nxb5 Rxb5 27.Ra1 g6 28.Qe2 Rb8 29.g3 Qe5
30.Rd1 Ra8 31.Rd2 Ra1+ 32.Kg2 Qe4+ 33.f3 Qb1 34.e4 f6 35.Rc2 Kf7 36.Rd2 Ke7
37.Kh3 Kd8 38.Qb5 Qf1+ 39.Qxf1 Rxf1 40.Kg2 Rc1 41.Kf2 c4 42.Ke2 c3 43.bxc3
Rxc3 44.Rd3 Rc2+ 45.Ke3 Rxh2 46.Rb3 Rg2 47.g4 h5 48.gxh5 gxh5 49.Rxb4 Kc7 50.
Rc4+ Kd7 51.Ra4 Rh2 52.Kf4 Rh3 53.Ra6 Rh1 54.Kf5 h4 55.Kg4 h3 56.Kg3 Ke8 57.
Rxd6 Kf7 58.Ra6 f5 59.e5 Rg1+ 60.Kxh3 Rd1 61.Rf6+ Kg7 62.d6 1-0

[Event "Preferente"]
[Site ""]
[Date "????.??.??"]
[Round "5.3"]
[White "ROMÓN Raúl"]
[Black "PALACIOS Pablo"]
[Result "1-0"]
[WhiteElo "2362"]
[BlackElo "2021"]

1.e4 e6 2.d4 d5 3.e5 c5 4.c3 Nc6 5.Nf3 Qb6 6.a3 Nh6 7.b4 cxd4 8.Bxh6 gxh6 9.
cxd4 Bd7 10.Ra2 Rg8 11.h3 Rc8 12.Rc2 Bxb4+ 13.axb4 Qxb4+ 14.Nbd2 Nxd4 15.Nxd4
Qxd4 16.Rxc8+ Bxc8 17.Bb5+ Ke7 18.O-O Qxe5 19.Nf3 Qh5 20.Kh1 Qg6 21.Rg1 Rd8
22.Qd4 Qe4 23.Qxa7 Qb4 24.Bd3 d4 25.Rc1 Qd6 26.Qa5 b6 27.Qh5 Qf4 28.Rc2 Bb7
29.Ne5 Rc8 30.Rxc8 Bxc8 31.Ng4 Qc1+ 32.Kh2 f5 33.Nxh6 Qf4+ 34.Kg1 Qc1+ 35.Bf1
Ba6 36.Qf7+ Kd8 37.Qg8+ Kc7 38.Qf7+ Kd6 39.Qf8+ Kd7 40.Qg7+ Kc6 41.Qxd4 Bxf1
42.Nf7 Bc4+ 43.Kh2 Bd5 44.Ne5+ Kb7 45.Nd3 Qg5 46.Nf4 Bc6 47.Qd6 h5 48.f3 h4
49.Nxe6 Qc1 50.Nd8+ Ka6 51.Nxc6 Qg5 52.Nb4+ Kb5 53.Nd5 f4 54.Nc7+ Kc4 55.Qc6+
Kd3 56.Qd5+ Qxd5 57.Nxd5 b5 58.Nxf4+ Ke3 59.Nd5+ Kd4 60.Nb4 Kc3 61.Na6 b4 62.
Nxb4 Kxb4 63.g4 1-0

[Event "Preferente"]
[Site ""]
[Date "????.??.??"]
[Round "5.4"]
[White "PALOMAR Santiago"]
[Black "GINÉS Pedro"]
[Result "1-0"]
[WhiteElo "1957"]
[BlackElo "2040"]

1.e4 c6 2.Nf3 d5 3.e5 Bg4 4.d4 e6 5.c3 Nd7 6.Nbd2 f6 7.h3 Bh5 8.Be2 Qc7 9.O-O
O-O-O 10.Re1 Re8 11.Nh2 Bxe2 12.Qxe2 Nh6 13.Ndf1 Nf7 14.Bf4 f5 15.h4 Be7 16.
Nf3 h6 17.h5 Reg8 18.Ne3 Bg5 19.Bh2 Bxe3 20.Qxe3 Nf8 21.Nh4 Qe7 22.Qf4 Qg5 23.
Ng6 Nxg6 24.hxg6 Qxg6 25.f3 Qg5 26.Kf2 Qxf4 27.Bxf4 g5 28.Bd2 h5 29.g3 h4 30.
Rh1 hxg3+ 31.Kxg3 Kd7 32.Rag1 Ke8 33.Kf2 Rxh1 34.Rxh1 Kf8 35.Rh5 Rg6 36.f4 g4
37.Kg3 Rh6 38.Rxh6 Nxh6 39.a4 Ng8 40.b3 Ne7 41.Bc1 c5 42.dxc5 Ke8 43.Be3 a6
44.b4 Kd7 45.b5 axb5 46.axb5 Ng6 47.Bf2 Kc7 48.Bd4 Kc8 49.Be3 Kc7 50.Bd4 Nf8
51.Kh4 Nd7 52.Kg5 b6 53.cxb6+ Kb7 54.Kg6 Nxb6 55.Kf7 g3 56.Kxe6 g2 57.Kf7 Nc8
58.Kf8 Kc7 59.b6+ Nxb6 60.e6 Nc8 61.e7 Nd6 62.e8=Q Nxe8 63.Kxe8 Kc6 64.Ke7 Kb5
65.Kd6 1-0

[Event "Preferente"]
[Site ""]
[Date "????.??.??"]
[Round "5.5"]
[White "ROCHE Manuel Ángel"]
[Black "CIRIANO Alejandro"]
[Result "1-0"]
[WhiteElo "2134"]
[BlackElo "1990"]

1.e4 c5 2.Nf3 d6 3.d4 cxd4 4.Nxd4 Nf6 5.Nc3 a6 6.f3 e5 7.Nb3 Be6 8.Be3 Nbd7 9.
Qd2 Be7 10.g4 Qc7 11.g5 Nh5 12.O-O-O O-O 13.Nd5 Bxd5 14.exd5 Rac8 15.Bh3 g6
16.Bg4 Ng7 17.h4 f5 18.gxf6 Nxf6 19.Rh2 Nxg4 20.fxg4 Rf3 21.h5 Qd8 22.Kb1 Qf8
23.hxg6 hxg6 24.Bh6 Rf1 25.Nc1 Rxd1 26.Qxd1 e4 27.Qd4 Bf6 28.Qxe4 Be5 29.Rh1
Qf2 30.Qxg6 Qd4 31.Nd3 Qxd5 32.Re1 Rc7 33.Nxe5 dxe5 34.Qf6 e4 35.Qf4 Re7 36.a3
Kh7 37.Bg5 Rf7 38.Qh2+ Kg8 39.Bh6 Qc6 40.Rh1 Qg6 41.Be3 Rf3 42.Qb8+ Qe8 43.Qa7
Qf7 44.Rd1 Rf1 45.Qd4 Rxd1+ 46.Qxd1 Qf3 47.Qd8+ Kh7 48.Qh4+ Kg8 49.Qg5 Qf1+
50.Bc1 Qf3 51.Qd5+ Kh7 52.g5 Qe2 53.Qxb7 Kg6 54.Qc6+ Kh7 55.Qh6+ Kg8 56.Qf6
Qd1 57.Qxa6 1-0

[Event "Preferente"]
[Site ""]
[Date "????.??.??"]
[Round "5.6"]
[White "BROSA Jesús"]
[Black "ECHARTE Óscar"]
[Result "0-1"]
[WhiteElo "1977"]
[BlackElo "2131"]

1.Nf3 c5 2.g3 b5 3.Bg2 Bb7 4.O-O g6 5.d3 Bg7 6.e4 d6 7.c3 Nf6 8.h3 O-O 9.Be3
Nc6 10.Nbd2 Rc8 11.Qe2 b4 12.Rfd1 Ba6 13.Ne1 bxc3 14.bxc3 Nd7 15.Rac1 Nb6 16.
Nb1 Rb8 17.Qd2 Na4 18.Rc2 Qa5 19.Qc1 Rxb1 20.Qxb1 Nxc3 21.Bd2 Nxb1 22.Bxa5 Na3
23.Rc3 Nb5 24.Rc4 Nxa5 25.Ra4 Nc3 26.Rxa5 Nxd1 27.Rxa6 Bd4 28.Bf3 Nxf2 29.Kg2
Rb8 30.Rxa7 Rb2 31.Kf1 Nxh3 32.Be2 Ng1 0-1

[Event "Preferente"]
[Site ""]
[Date "????.??.??"]
[Round "5.7"]
[White "DAN Teodor"]
[Black "CHUECA Javier"]
[Result "1-0"]
[WhiteElo "1945"]
[BlackElo "2029"]

1.d4 d5 2.Nf3 c6 3.e3 Bg4 4.Bd3 Nf6 5.Nbd2 Nbd7 6.h3 Bh5 7.O-O e6 8.c4 Bd6 9.
b3 e5 10.dxe5 Nxe5 11.Be2 O-O 12.Bb2 Nxf3+ 13.Bxf3 Bg6 14.cxd5 cxd5 15.Qe2 Rc8
16.Rac1 Qa5 17.a3 Bb8 18.b4 Qb6 19.Nb3 Bf5 20.Bg4 Bxg4 21.hxg4 Qd6 22.g3 Qe6
23.Bxf6 Qxf6 24.Nc5 Qe7 25.Qf3 Rfd8 26.Rfd1 b6 27.Nb3 Rxc1 28.Nxc1 Qe5 29.Nb3
g6 30.Nd4 Qd6 31.b5 Rd7 32.Nc6 Bc7 33.Qxd5 Qxd5 34.Rxd5 Rxd5 35.Ne7+ Kf8 36.
Nxd5 Bd6 37.a4 Ke8 38.f4 Kd7 39.Kf1 Bc5 40.e4 Kd6 41.g5 Bd4 42.Ke2 Kc5 43.Kd3
Bf2 44.g4 Bg3 45.Kc3 Be1+ 46.Kd3 Bg3 47.Ke3 Kc4 48.Ne7 Kb4 49.Nc6+ Kxa4 50.
Nxa7 Kb4 51.e5 Kc5 52.Ke4 Be1 53.Nc8 Kxb5 54.Nd6+ Kc6 55.Nxf7 b5 56.e6 b4 57.
f5 b3 58.Kd3 b2 59.Kc2 Bc3 60.f6 h6 61.Nxh6 Kd6 62.e7 Kd7 63.Nf7 Bb4 64.Ne5+
Ke8 65.Nxg6 Bd2 66.Nf4 Bxf4 67.g6 Bg5 68.g7 1-0

[Event "Preferente"]
[Site ""]
[Date "????.??.??"]
[Round "5.8"]
[White "GOÑI Pablo"]
[Black "ARJOL Daniel"]
[Result "1/2-1/2"]
[WhiteElo "2008"]
[BlackElo "1878"]

1.Nf3 d5 2.c4 e6 3.g3 c6 4.Bg2 Nf6 5.O-O Bd6 6.d4 O-O 7.Nbd2 Nbd7 8.Qc2 Re8 9.
Rd1 b6 10.e4 dxe4 11.Nxe4 Nxe4 12.Qxe4 Qc7 13.Ng5 Nf6 14.Qxc6 Rb8 15.c5 bxc5
16.dxc5 Be5 17.f4 Bb7 18.Qxc7 Bxc7 19.c6 Ba6 20.Be3 Rxb2 21.Bd4 Bb6 22.Bxb6
Rxb6 23.Rac1 Kf8 24.Ne4 Nd5 25.Nd6 Rd8 26.Bxd5 Rxd6 27.Bf3 Ke7 28.Rxd6 Kxd6
29.Rd1+ Ke7 30.Rd7+ Ke8 31.Rxa7 Rb1+ 32.Kf2 Rb2+ 33.Ke3 Rxa2 34.c7 Ra3+ 35.Kf2
Ra2+ 36.Ke1 Kd7 37.Bc6+ Kc8 38.Bb7+ Kxc7 39.Rxa6 Rxh2 40.Bf3 Kd8 41.Ra7 Ke8
42.Bc6+ Kf8 43.Kf1 Rd2 44.Rd7 Rb2 45.Bf3 g6 46.Be2 Kg7 47.Kf2 h5 48.Kf3 Kf6
49.Ra7 Rb3+ 50.Kf2 Rb2 51.Ra5 Rb4 52.Ke3 Rb8 53.Ra7 Rb6 54.Ba6 Rb3+ 55.Ke4
Rxg3 56.Bc8 g5 57.fxg5+ 1/2-1/2

[Event "Preferente"]
[Site ""]
[Date "????.??.??"]
[Round "5.9"]
[White "LÓPEZ Fernando"]
[Black "CARRUEZ Santiago"]
[Result "0-1"]
[WhiteElo "2020"]
[BlackElo "2082"]

1.e4 e6 2.d4 d5 3.Nd2 Be7 4.Ngf3 Nf6 5.Bd3 c5 6.e5 Nfd7 7.c3 Nc6 8.O-O Qb6 9.
dxc5 Nxc5 10.Bc2 Qc7 11.Re1 h6 12.Nf1 g5 13.h3 b6 14.b4 Nd7 15.Qe2 Bb7 16.a4
Rc8 17.Bd3 a5 18.b5 Ncb8 19.Bd2 Nc5 20.Bc2 Nbd7 21.Nd4 Ne4 22.Bxe4 dxe4 23.Nc6
Nxe5 24.Nxe5 Qxe5 25.f3 Bc5+ 26.Kh1 exf3 0-1

[Event "Preferente"]
[Site ""]
[Date "????.??.??"]
[Round "5.10"]
[White "SOLERA Roberto"]
[Black "ROMERO Daniel"]
[Result "1/2-1/2"]
[WhiteElo "1919"]
[BlackElo "2052"]

1.Nf3 g6 2.g3 Bg7 3.Bg2 d6 4.O-O Nf6 5.c4 O-O 6.Nc3 e5 7.d4 Nbd7 8.e4 Ne8 9.
dxe5 dxe5 10.b3 Nef6 11.Bb2 Re8 12.h3 Bf8 13.Qc2 c6 14.Rad1 Qc7 15.a3 b6 16.b4
Bb7 17.Nd2 Nh5 18.Ne2 Bh6 19.Nf3 Rad8 20.Bc1 Bf8 21.Be3 Ng7 22.Qb3 Ne6 23.Ng5
Nxg5 24.Bxg5 Be7 25.Bxe7 Rxe7 26.f4 Nf8 27.Rxd8 Qxd8 28.Rd1 Rd7 29.Rxd7 Nxd7
30.Qd3 Qe7 31.Nc3 Nf8 32.f5 Qd7 33.Qxd7 Nxd7 34.fxg6 hxg6 35.Kf2 Kf8 36.Ke3
Ke7 37.Bf3 Nf8 38.Na4 Ne6 39.Nb2 Nd4 40.Bd1 Bc8 41.Nd3 f6 42.Nf2 Be6 43.Kd3 b5
44.cxb5 cxb5 45.Ke3 Bc4 46.Nd3 Bxd3 47.Kxd3 Ke6 48.a4 a6 49.axb5 axb5 50.h4 f5
51.Ke3 Nc6 52.Be2 Nxb4 53.Bxb5 Nc2+ 54.Kd2 Nd4 55.Be8 Kf6 56.Kd3 Ne6 57.Ke3
Ng7 58.Bd7 Nh5 59.exf5 gxf5 60.Bxf5 1/2-1/2

[Event "Preferente"]
[Site ""]
[Date "????.??.??"]
[Round "5.11"]
[White "SÁNCHEZ Roberto"]
[Black "SANCHO Jesús"]
[Result "0-1"]
[WhiteElo "2030"]
[BlackElo "1978"]

1.e4 e5 2.Nf3 Nf6 3.d3 Nc6 4.c3 d5 5.Nbd2 Bc5 6.Be2 O-O 7.b4 Bd6 8.a3 Re8 9.h3
Bf8 10.Nh2 dxe4 11.dxe4 a6 12.Qc2 Ne7 13.Ng4 Ng6 14.Nxf6+ Qxf6 15.g3 c5 16.b5
b6 17.bxa6 Bxa6 18.Bxa6 Rxa6 19.Rb1 Qc6 20.Qb3 Re6 21.f3 Ne7 22.g4 Nc8 23.Nc4
Nd6 24.Nxd6 Rxd6 25.c4 Qa4 26.Ke2 Qd7 27.Rd1 Rxd1 28.Qxd1 Bd6 29.Rb3 Kf8 30.
Rd3 Ke7 31.Kf2 b5 32.cxb5 Qxb5 33.Rb3 Qc6 34.Rc3 Ra4 35.Rd3 Rd4 36.Bb2 Rxd3
37.Qxd3 c4 38.Qc2 Bc5+ 39.Ke2 Bd4 40.Bc3 Ke6 41.Bb4 g5 42.Kd1 Qb5 43.Qe2 Qa4+
44.Qc2 Qc6 45.Kc1 Kd7 46.Kb1 Qb5 47.Qe2 Kc6 48.Ka2 Bc3 49.Qd1 Bxb4 50.axb4
Qxb4 51.Qd5+ Kb6 52.Qxf7 Qc5 53.Qe6+ Kb5 54.Qd7+ Kb4 55.Qb7+ Qb5 56.Qc8 Kc3
0-1

[Event "Preferente"]
[Site ""]
[Date "????.??.??"]
[Round "5.12"]
[White "GUTIÉRREZ José Antonio"]
[Black "CIRERA Alberto"]
[Result "0-1"]
[WhiteElo "1983"]
[BlackElo "1817"]

1.e4 c5 2.Nf3 d6 3.d3 Nc6 4.Nbd2 g6 5.g3 Bg7 6.Bg2 Nf6 7.O-O O-O 8.Re1 Bg4 9.
h3 Bxf3 10.Nxf3 Nd7 11.c3 Rc8 12.Be3 b5 13.d4 b4 14.Qe2 a5 15.d5 Nce5 16.Nxe5
Nxe5 17.f4 Nd7 18.c4 Nb6 19.Rad1 Qd7 20.b3 a4 21.e5 Ra8 22.e6 Qc8 23.f5 Kh8
24.exf7 Qxf5 25.Rf1 Qe5 26.Qf3 axb3 27.axb3 Ra3 28.Bc1 Ra2 29.Rde1 Qf6 30.Qe4
Qd4+ 31.Qxd4 Bxd4+ 32.Kh1 Nc8 33.Bh6 Bg7 34.Bg5 Ra7 35.Re4 h6 36.Rh4 Kh7 37.
Bc1 Ra1 38.Be4 Bf6 39.Rxh6+ Kg7 40.Rxg6+ Kxf7 41.Kg2 Ke8 42.Bh6 Ra2+ 43.Kh1
Rh8 44.h4 Nb6 45.Bg7 Bxg7 46.Rxg7 Re2 47.Bg6+ Kd8 48.h5 Nd7 49.g4 Nf6 50.Rh7
Nxh7 0-1

[Event "Preferente"]
[Site ""]
[Date "????.??.??"]
[Round "5.13"]
[White "ANTOÑANO Avelino"]
[Black "LACRUZ Álvaro"]
[Result "1-0"]
[WhiteElo "1970"]
[BlackElo "1959"]

1.e4 e6 2.d4 d5 3.Nd2 Nf6 4.Bd3 c5 5.c3 dxe4 6.Nxe4 cxd4 7.cxd4 Nc6 8.Nf3 Bb4+
9.Nc3 Nd5 10.Bd2 Be7 11.O-O a6 12.a3 Bf6 13.Be3 Nxc3 14.bxc3 O-O 15.a4 g6 16.
Bf4 Qa5 17.Qb3 Rd8 18.Rfe1 Bd7 19.Nd2 Qh5 20.Ne4 Bg7 21.Bg5 e5 22.Be2 Bg4 23.
Bxg4 Qxg4 24.Bxd8 Nxd8 25.dxe5 Bxe5 26.Qd5 Nc6 27.Qxe5 Nxe5 28.Nf6+ Kg7 29.
Nxg4 Nxg4 30.f3 Nf6 31.Rab1 Rb8 32.Re7 b5 33.axb5 axb5 34.Re5 Rc8 35.Rb3 Nd7
36.Rexb5 Nc5 37.Ra3 Nd3 38.c4 Nf4 39.Rb4 Re8 40.Kf1 Ne6 41.Rc3 Rc8 42.Kf2 Kf6
43.g3 Nc5 44.Rb5 Rc6 45.Ke3 Ke6 46.Kd4 Kd6 47.Ra3 Ne6+ 48.Kc3 Nc7 49.Rb7 Nd5+
50.Kd4 Nc7 51.c5+ Rxc5 52.Rb6+ Rc6 53.Rxc6+ Kxc6 54.Ke5 Ne8 55.Ra7 f6+ 56.Ke6
h5 57.Re7 Nc7+ 58.Rxc7+ 1-0